000 00478 a2200169 4500
003 OSt
005 20240206131730.0
008 231102b |||||||| |||| 00| 0 eng d
020 _a9789380081830
040 _coclc
082 _a954.83
_bALI/M
100 _aAli, Ameer
_99806
245 _aMarx Mavo Malabar :
_bOrmakurippukal /Ameer Ali
260 _aKerala:
_bOther Books,
_c2020.
300 _a303p
942 _2ddc
_cBK
_h954.83
_iALI/M
_k954.83
_mALI/M
999 _c42751
_d42751